Macroeconomía
Saved in:
| Main Author: | |
|---|---|
| Format: | Book |
| Language: | Spanish |
| Published: |
Barcelona
Antoni Bosch
2003
|
| Edition: | 4a. ed |
| Subjects: | |
| Tags: |
Add Tag
No Tags, Be the first to tag this record!
|
MARC
| LEADER | 00000nam a2200000 a 4500 | ||
|---|---|---|---|
| 001 | UCK2773 | ||
| 003 | CL-VaPUC | ||
| 008 | 050318e20030000SP |||||||||||||||||spa|d | ||
| 020 | |a 8495348128 | ||
| 082 | 0 | 4 | |a 339 |b MAN |2 21 |
| 100 | |a Mankiw, N. Gregory |e autor |9 861929 | ||
| 245 | 1 | 0 | |a Macroeconomía |
| 250 | |a 4a. ed | ||
| 300 | |a 703 p | ||
| 942 | |c BK | ||
| 945 | |d 20050318 00:00:00 |a cmena | ||
| 260 | |a Barcelona |b Antoni Bosch |c 2003 | ||
| 650 | 0 | |a Crecimiento económico |9 314037 | |
| 650 | 0 | |a Inflación |9 257218 | |
| 650 | 0 | |a Dinero |9 314331 | |
| 650 | 0 | |a Inversiones |9 345867 | |
| 583 | |a last modification |c 20050318 00:00:00 |k Rodrigo Vera | ||
| 999 | |c 312229 |d 312227 | ||
| 952 | |0 0 |1 0 |4 0 |6 339_000000000000000_MAN_2003 |7 0 |8 A |9 382175 |a BIBGIM |b BIBGIM |d 2019-11-21 |i 4347374 |o 339 MAN 2003 |p 4347374 |r 2025-01-15 |w 2019-11-21 |y BK |k COM | ||
| 952 | |0 0 |1 0 |4 0 |6 339_000000000000000_MAN_2003 |7 0 |8 A |9 382176 |a BIBGIM |b BIBGIM |d 2019-11-21 |i 4347382 |o 339 MAN 2003 |p 4347382 |r 2025-01-15 |w 2019-11-21 |y BK |k COM | ||